000 00299 a2200145 4500
001 179623
020 _a
040 _cMagnum
100 _aMachado, Maria Clara
240 1 0 _aO cavalinho azul
_lpor
245 1 0 _aO cavalinho azul
362 0 _a1899
697 _aMAGNITO: IJ/GERAL
942 _cBK
999 _c179623
_d179623